Państwa położone najbliżej Rosji, które z nią nie graniczą - Statystyki

Ogólne statystyki
  • Ten quiz został rozwiązany 2 608 razy
  • Średni wynik to 15 z 20
Statystyki odpowiedzi
km Państwo % Poprawnych
208 Szwecja
93%
43 Japonia
88%
357 Niemcy
88%
455 Korea Południowa
87%
535 Słowacja
86%
220 Rumunia
84%
212 Mołdawia
83%
136 Turcja
83%
478 Czechy
82%
4 Stany Zjednoczone
82%
110 Armenia
76%
638 Węgry
76%
165 Iran
74%
524 Uzbekistan
74%
360 Bułgaria
73%
296 Dania
71%
510 Irak
70%
323 Turkmenistan
70%
601 Syria
57%
632 Grecja
51%
Nie znaleziono quizów pasujących do podanych kryteriów
Rozkład punktacji
Procent ludzi z każdym wynikiem
Percentyl według liczby udzielonych odpowiedzi
Twoja historia wyników
Nie rozwiązałeś tego quizu